Hamilton - Yorktown lyrics quiz - Statistics

General Stats
  • This quiz has been taken 853 times
  • The average score is 47 of 67
Answer Stats
Hint Answer % Correct
Monsueir Hamilton, Monsueir ___ Lafayette
96%
I go back to __ France
92%
I am not throwing away my ___! Shot
91%
'Till the world turns ____down Upside
91%
____ down! Upside
91%
Hey yo, I just like my ____ Country
90%
I bring __ to my people if I'm given the chance Freedom
90%
____ we get the job done Immigrants
90%
I am not ___ away my shot! X2 Throwing
90%
In ___ where you belong Command
89%
See you on the ____side, 'till we ___ again, let's go! Other meet
89%
I'm ___ scrappy and ___ Young hungry
89%
We gotta go, gotta get the __ done Job
87%
Then I remember my ____'s expecting me Eliza
86%
Not only that my Eliza's ___ Expecting
86%
So what __ when we win? Happens
86%
The battle of Yorktown, ___ 1781
85%
Take the ___ out your gun! X2 Bullets
85%
We move under ___ and we move as one Cover
85%
Gotta start a new ___ gotta meet my __! Nation son
83%
If this is the end of me, at least I have a ___ with me Friend
81%
We had a spy on the inside, that's right, _____Mulligan! Hercules
81%
We'all never be free until we end ___ Slavery
81%
How did we know that this __ would work? Plan
78%
How you __ no __ Say sweat
78%
We cannot let a stray ___ give us away Gunshot
76%
We'll be with you when you do, go ___ your ___ Lead men
76%
I __ death so much it feels more like a ___ Imagine memory
75%
Through the ___ we have one shot to live ___ day Night another
75%
You have your ____ now go man go! Orders
74%
We're finally on the __, we've had quite a __ Field run
73%
This is where it __ me, on my ___ the __ ahead of me Gets feet enemy
72%
With my friends all ____ to the winds Scattered
72%
And then I ___ it! Smuggle
71%
And so the American _____ begins Experiment
68%
___ Mulliagan, I need no ____ Hercules introduction
67%
And just like that it's over, we tend to our ___ we count our dead Wounded
66%
Lauren's is in south ____, ____ bravery Carolina redefining
65%
When you ___ me down I get the f*ck back up again Knock
65%
I see George ___ smile Washington
65%
Not __ Yet
65%
The ____ turned upside down X4 World
61%
We escort the men out of ___ Yorktown
60%
When we finally drive the ___ away, ___ is there waiting in Chesapeake __ British Lafayette bay
59%
They stagger home ___ file Single
59%
Freedom for ____, freedom for France! America
58%
I'm running with the sons of ____ and I am loving it! Liberty
58%
The code word is _____ dig me? Rochambeau
58%
___ and ___ soldiers wonder alike if this really means freedom Black white
57%
It's either that or meet the ___ end of a ____ Business bayonet
57%
There are screams and __ bells ringing Church
57%
___ in my hand, a ___ and my men with me Weapon command
57%
Gotta start a ___ nation, ___ meet my son New gotta
56%
We ___! X4 Won
56%
The world ___ Turned
55%
I hear the ____ song they're singing Drinking
53%
Tens of thousands of people ___ the streets Flood
53%
After a week of fighting, a young man in a red coat stands on a ___ Parapet
52%
A ___ spying on the British government Tailor
52%
We ___ our gun as he ____ waves a white handkerchief Lower frantically
51%
We ___ the terms of surrender Negotiate
51%
See, that's what happens when you go up against the ____ Ruffians
51%
We ___ up close, ___ the moment and stay in it Fight seize
49%
I take their ____, information Measurements
47%
We in the sh*t now somebody gotta ____ it Shovel
47%
And as our called foes ___ Retreat
46%
To my brothers _____ covenant Revolutionary
43%
No matching quizzes found
Score Distribution
Percent of People with Each Score
Percentile by Number Answered
Your Score History
You have not taken this quiz